Villes les plus riches de France : le classement - Statistiques

Statistiques générales
  • Ce quiz a été pris 64 fois
  • Le résultat moyen est 2 sur 10
Statistiques - réponses
Villes % Correct
3 Neuilly-sur-Seine
69%
4 Neuilly-sur-Seine
69%
1 Saint-Tropez
62%
10 Le Vésinet
6%
5 Mervilla
2%
2 Veyrier-du-Lac
2%
6 Moulins
0%
8 Rennemoulin
0%
7 Romagny-sous-Rougemont
0%
9 Saint-Nom-la-Bretèche
0%
Aucun quiz correspondant
Distribution des résultats
% des personnes avec chaque résultat
Percentile par nombre de réponses
Votre historique - résultats
Vous n’avez pas pris ce quiz